| 000 | 00487nam a2200157Ia 4500 | ||
|---|---|---|---|
| 008 | 170221s9999 xx 000 0 und d | ||
| 100 | _aA Waseem Khattak | ||
| 245 | 4 | _aThe Role of Information Technology in Media IndustryA Waseem Khattak | |
| 245 | _cA Waseem Khattak Muhammad Nasir | ||
| 260 | _bOnline Journal of Communication and Media Technologies | ||
| 260 | _c2012 | ||
| 300 | _a2 : 3 | ||
| 650 | _xCommunication | ||
| 650 | _xMedia Arts | ||
| 856 | _uhttp://www.ojcmt.net/ | ||
| 999 |
_c307330 _d307330 |
||